000 00346nam a2200157Ia 4500
003 OSt
005 20240304113635.0
008 170524s9999 xx 000 0 und d
020 _a978-0333109281
040 _cIIMT UNIVERSITY
100 _aNag P K
245 0 _aEngineering Thermodynamics
260 _bTMH
260 _c2006
942 _2ddc
_c02
999 _c5455
_d5455